STOKELEY - Ski Mask the Slump God - Statistics

General Stats
  • This quiz has been taken 3 times
  • The average score is 10 of 13
Answer Stats
Songs Plays Artists % Correct
Faucet Failure 630,436,198 Ski Mask the Slump God
100%
Foot Fungus 290,656,01 Ski Mask the Slump God
100%
LA LA 63,188,237 Ski Mask the Slump God
100%
Nuketown 529,104,055 Ski Mask the Slump God, Juice WRLD
100%
Save Me Pt 2 26,399,609 Ski Mask the Slump God, Austin Lam
100%
So High 49,220,698 Ski Mask the Slump God
100%
Adults Swim 33,987,049 Ski Mask the Slump God
67%
Cat Piss 54,334,498 Ski Mask the Slump God, Lil Yachty
67%
Far Gone 30,604,701 Ski Mask the Slump God, Lil Baby
67%
Get Geeked 24,500,576 Ski Mask the Slump God
67%
Reborn To Rebel 31,002,181 Ski Mask the Slump God
67%
Unbothered 354,292,907 Ski Mask the Slump God
67%
U and I 24,655,403 Ski Mask the Slump God
33%
No matching quizzes found
Score Distribution
Percent of People with Each Score
Percentile by Number Answered
Your Score History
You have not taken this quiz